Die unvollendete Revolution
| Titel: | Die unvollendete Revolution : Rumänien zwischen Diktatur und Demokratie / Anneli Ute Gabanyi |
|---|---|
| Verfasser: | |
| Ausgabe: | Orig.-Ausg. |
| Veröffentlicht: | München [u.a.] : Piper, 1990 |
| Umfang: | 228 S. |
| Format: | Buch |
| Sprache: | Deutsch |
| Schriftenreihe/ mehrbändiges Werk: |
Serie Piper ; 1271 : Aktuell |
| RVK-Notation: |
·
|
| ISBN: | 3492112714 |
| Hinweise zum Inhalt: |
Inhaltsverzeichnis
|
alg: 1297234
001A $06000:31-07-90
001B $06062:23-02-24 $t18:46:58.000
001D $09999:99-99-99
001U $0utf8
001X $00
002@ $0Aauc
003@ $0012972347
003O $0246414014 $aOCoLC
004A $03-492-11271-4
006G $0900967625
006U $090,A32,1043
007A $0900967625 $aDNB
007G $0FL001F27839A7AA4E7B0FC125713A0053C46A
007I $0MartMz:59936
009P $qapplication/pdf $A2 $3Inhaltsverzeichnis $uhttp://scans.hebis.de/HEBCGI/show.pl?01297234_toc.pdf $mV:DE-603;B:DE-17
010@ $ager
011@ $a1990 $n1990
013H $0z
015@ $0Z
021A $aDie @unvollendete Revolution $dRumänien zwischen Diktatur und Demokratie $hAnneli Ute Gabanyi
028A $#Gabanyi, Anneli U. $#Gabanyi, Anneli-Ute $#Gabanyi, Anneli U. $#Gabanyi, Annelie Ute $7129614114 $8Gabanyi, Anneli Ute$Z1942- [Tp1] $9159915384
032@ $aOrig.-Ausg.
033A $pMünchen {[u.a.] $nPiper
034D $a228 S.
036E $aSerie Piper $l1271 : Aktuell
036F $x41271 $8Piper $9005606330 $l1271 : Aktuell
041A $RRevolution $#Romania History Revolution, 1989 $#Roumanie 1989 (Révolution) $#Rumänische Revolution 1989 $#Unvollendete Revolution $#Friedliche Revolution Rumänien $74235041-4 $8Revolution in Rumänien$g1989 [Ts1] $9086229699
044N $aRevolution, Ceausescu
045B $a949.803 $ALoC $eDDC20oclc
045E $a63 $a16
045F $a909 $eDDC23BSB
045F/01 $a909
045F/03 $f09048
045F/03 $g498
045Z $8MG 94086 [Tkv] $9410565873
045Z $8MG 94094 [Tkv] $941056592X
046X $aArchivierung/Langzeitarchivierung gewährleistet $5DE-36 $fPERP
lok: 1297234 8
101B $009-09-09 $t17:40:55.000
101U $0utf8
145Z/01 $a6 rumän C 59 1989
exp: 1297234 8 1 #EPN
201B/01 $008-05-23 $t18:14:05.000
201U/01 $0utf8
203@/01 $006225930X
208@/01 $a28-02-92 $bh
209A/01 $a/MG 94086 G112 $du $f001 $x00
209G/01 $a10864631 $x00
209G/01 $a6. Obergeschoss $x01
247C/01 $8611001-0 <17/1>Darmstadt, TU Darmstadt, Universitäts- und Landesbibliothek - Schloss $9102595887
lok: 1297234 11
101B $003-08-95 $t03:58:25.902
107F $0058076425
101U $0utf8
exp: 1297234 11 1 #EPN
201B/01 $019-02-13 $t13:42:20.000
201U/01 $0utf8
203@/01 $0058076433
208@/01 $a23-11-94 $bh
209A/01 $a60 90 A 3674 $du $f100 $h90 A 3674 $x00
209C/01 $a14-90-120 $h14 90 120
209G/01 $a80311583 $x00
247C/01 $8620100-3 <43>Wiesbaden, Hochschul- und Landesbibliothek RheinMain, Rheinstraße $9102599572
lok: 1297234 13
101B $002-08-95 $t08:46:51.015
107F $0080153488
101U $0utf8
exp: 1297234 13 1 #EPN
201B/01 $009-12-02 $t15:32:05.639
203@/01 $0080153496
208@/01 $a22-11-90 $bh
209A/01 $a90/1720 $du $f000 $h90 1720 $x00
209G/01 $a01047752 $x00
247C/01 $8655000-9 <36>Mainz, Wissenschaftliche Stadtbibliothek Mainz $9102599564
201U/01 $0utf8
lok: 1297234 24
exp: 1297234 24 1 #EPN
201B/01 $009-10-18 $t14:37:04.000
201C/01 $009-10-18
201U/01 $0utf8
203@/01 $01030697892
208@/01 $a09-10-18 $bz
209A/01 $a18.06873 $du $f050 $h18 06873 $x00
209C/01 $a18.06873 G $h18 06873 G
209G/01 $a74096654 $x00
220C/01 $ahae
247C/01 $8358050-7 Marburg, Bibliothek des Herder-Instituts Marburg $9102600961
lok: 1297234 107
101B $023-10-18 $t03:43:03.000
101C $007-09-18
101U $0utf8
144Z/01 $aRumänien
144Z/02 $aRevolution
144Z/03 $aGeschichte 1989 - 1990
144Z/04 $aLiteraturverzeichnis
144Z/05 $aZeit 1989 - 1990
exp: 1297234 107 1 #EPN
201B/01 $007-09-18 $t23:51:05.000
201C/01 $007-09-18
201U/01 $0utf8
203@/01 $0102858184X
208@/01 $a28-08-18 $br
209A/01 $a40/1014 $du $f000 $x00
209C/01 $a50769/25.1.2010
209G/01 $aMZ2-065227 $x00
209G/01 $aMagazin $x01
247C/01 $8658008-7 Mainz, Martinus-Bibliothek $9428012507
lok: 1297234 204
101B $003-12-02 $t15:41:33.697
101C $015-08-97
144Z/50 $aRumaenien
144Z/51 $aGeschichte 1987 - 1990
144Z/52 $aKommunismus
144Z/53 $aGesellschaftsentwicklung
144Z/54 $aWirtschaftsreform
145S/01 $a04000
145Z/01 $a11 Rumaenien Ea 0059, 1989 - 1990
101U $0utf8
exp: 1297234 204 1 #EPN
201B/01 $009-12-02 $t15:32:05.908
201C/01 $015-08-97
203@/01 $0114217254
208@/01 $a15-08-97 $bzpub
209A/01 $aBt 1/514 $du $f000 $hBT 1 514 $x00
209B/01 $a00022 $x05
209G/01 $a13307229 $x00
245S/01 $a04000 $x01
247C/01 $8631000-x <26>Gießen, Universität Gießen, Universitätsbibliothek Gießen $9102596697
201U/01 $0utf8
exp: 1297234 204 2 #EPN
201B/02 $003-09-08 $t23:05:42.000
201U/02 $0utf8
203@/02 $0012242675
208@/02 $a17-05-06 $bzpzk
209A/02 $a064 G Rm 91/326 $du $f000 $h064 G RM 91 326 $x00
209G/02 $a30123654 $x00
245S/02 $a10000 $x01
247C/02 $8631000-x <26>Gießen, Universität Gießen, Universitätsbibliothek Gießen $9102596697
lok: 1297234 205
exp: 1297234 205 1 #EPN
201B/01 $010-12-15 $t16:16:43.000
201U/01 $0utf8
203@/01 $0043274021
208@/01 $a22-01-91 $bh
209A/01 $a080 POL RK 522 g 3 $du $f000 $x00
209B/01 $a97 $x05
209C/01 $a778/90
209G/01 $a67717473 $x00
247C/01 $8351000-1 <4>Marburg, Universität Marburg, Universitätsbibliothek $9102594767
| LEADER | 00000cam a2200000 c 4500 | ||
|---|---|---|---|
| 001 | 012972347 | ||
| 003 | DE-603 | ||
| 005 | 20240223184658.0 | ||
| 007 | tu | ||
| 008 | 900731s1990 xx |||| | u00||u|ger | ||
| 015 | |a 90,A32,1043 |2 dnb | ||
| 016 | 7 | |2 DE-101 |a 900967625 | |
| 020 | |a 3492112714 | ||
| 035 | |a (DE-599)DNB900967625 | ||
| 035 | |a (OCoLC)246414014 | ||
| 040 | |a DE-603 |b ger |c DE-603 |d DE-603 | ||
| 041 | |a ger | ||
| 082 | 0 | 4 | |8 1\u |a 909 |q DE-101 |2 23/BSB |
| 083 | 7 | |8 2\p |a 949.803 |2 20/oclc | |
| 084 | |a 63 |a 16 |q DE-101 |2 sdnb | ||
| 084 | |a MG 94086 |0 (DE-625)122874:12049 |0 (DE-603)410565873 |2 rvk | ||
| 084 | |a MG 94094 |0 (DE-625)122874:12054 |0 (DE-603)41056592X |2 rvk | ||
| 085 | |8 1\u |b 909 | ||
| 085 | |8 1\u |z 1 |s 09048 | ||
| 085 | |8 1\u |z 2 |s 498 | ||
| 100 | 1 | |a Gabanyi, Anneli Ute |d 1942- |0 (DE-603)159915384 |0 (DE-588)129614114 |2 gnd | |
| 245 | 0 | 0 | |a Die unvollendete Revolution |b Rumänien zwischen Diktatur und Demokratie |c Anneli Ute Gabanyi |
| 250 | |a Orig.-Ausg. | ||
| 264 | 1 | |a München [u.a.] |b Piper |c 1990 | |
| 300 | |a 228 S. | ||
| 490 | 1 | |a Serie Piper |v 1271 : Aktuell | |
| 650 | 7 | |a Revolution in Rumänien |g 1989 |0 (DE-588)4235041-4 |0 (DE-603)086229699 |2 gnd | |
| 830 | 0 | |t Piper |v 1271 : Aktuell |w (DE-603)005606330 |w (DE-600)970675-6 |9 41271 |7 as | |
| 856 | 4 | 2 | |m V:DE-603;B:DE-17 |q application/pdf |u http://scans.hebis.de/HEBCGI/show.pl?01297234_toc.pdf |3 Inhaltsverzeichnis |
| 883 | 0 | |8 2\p |q LoC | |
| 924 | 0 | |9 17/1 |a (DE-603)06225930X |b DE-17-1 |c HES |d b |g /MG 94086 G112 |h 6. Obergeschoss | |
| 924 | 0 | |9 43 |a (DE-603)058076433 |b DE-43 |c HES |d c |g 60 90 A 3674 | |
| 924 | 0 | |9 36 |a (DE-603)080153496 |b DE-36 |c HES |d c |g 90/1720 | |
| 924 | 0 | |9 Mb 50 |a (DE-603)1030697892 |b DE-Mb50 |c HES |d c |g 18.06873 | |
| 924 | 0 | |9 Mz 2 |a (DE-603)102858184X |b DE-Mz2 |c HES |d d |g 40/1014 | |
| 924 | 0 | |9 26 |a (DE-603)114217254 |b DE-26 |c HES |d c |g Bt 1/514 | |
| 924 | 0 | |9 26 |a (DE-603)012242675 |b DE-26 |c HES |d c |g 064 G Rm 91/326 | |
| 924 | 0 | |9 4 |a (DE-603)043274021 |b DE-4 |c HES |d c |g 080 POL RK 522 g 3 | |


